[Event "World Senior chT-65 2019"]
[Site "Rhodes"]
[Date "2019.04.17"]
[Round "2.24"]
[White "Bjorgvik, Jan Arne"]
[Black "Blechzin, Igor"]
[Result "0-1"]
[WhiteElo "1779"]
[BlackElo "2210"]
[Annotator "TA"]
[PlyCount "69"]
[EventDate "2019.04.16"]
[EventType "team-tourn"]
[EventCountry "GRE"]
[SourceTitle "playchess.com"]
[Source "ChessBase"]
[SourceQuality "1"]
[WhiteTeam "Norway"]
[BlackTeam "Russia"]
[WhiteTeamCountry "NOR"]
[BlackTeamCountry "RUS"]

{[%evp 10,69,6,-8,27,11,35,41,32,38,29,26,35,-14,-3,-14,-11,-15,-13,-33,-49,-37,-27,-35,-31,-70,-64,-65,-12,-108,-101,-82,-26,-144,-150,-330,-323,-306,-302,-267,-198,-415,-409,-411,-401,-792,-695,-795,-798,-775,-752,-686,-464,-671,-448,-1652,-1336,-1212,-1301,-29991,-29986,-29998]} 1. e4 c5 2. Nf3 a6 3. d4 cxd4 4. Nxd4 Nf6 5. Nc3 e5 6. Nf3 Nc6 {B28: Sicilian: 2 Nf3 a6 (O'Kelly Variation)} (6... Bb4 7. Bc4 Qc7 8. Bb3 d6 9. O-O Bxc3 10. bxc3 Nbd7 11. Nd2 O-O 12. Re1 Nc5 13. f3 Nxb3 14. axb3 Qxc3 15. Ba3 Be6 {0-1 (36) Agopov,M (2452)-Rapport,R (2693) Reykjavik 2015}) 7. a3 b5 8. Bg5 Be7 {White is slightly better.} 9. Bxf6 Bxf6 10. Nd5 $146 ({Predecessor:} 10. Qd6 Be7 11. Qd5 Qc7 12. b4 O-O 13. Be2 Nxb4 14. Qb3 Nc6 15. Nd5 {1-0 (55) Balogh,M (1700)-Kriebel,R (1900) Ostrava 2010}) 10... O-O 11. Nxf6+ Qxf6 12. Be2 Ne7 13. O-O Bb7 14. Nd2 d5 15. exd5 Bxd5 16. Bf3 Rad8 {Threatens to win with ...Bxf3.} 17. Bxd5 Nxd5 18. Qf3 Nf4 ({Black should try} 18... Qxf3 $15 19. Nxf3 f6) 19. Ne4 {[#]} (19. Rad1 $11) 19... Qc6 $1 $17 20. g3 Ng6 (20... f5 $17 21. gxf4 fxe4 22. Qb3+ Kh8 23. fxe5 Rde8) 21. c3 (21. Rac1 $11 {remains equal.}) 21... f5 $36 {[%mdl 2048] Keeping White busy.} 22. Ng5 $2 {[#]} (22. Nd2 $17 e4 23. Qe2) 22... e4 $1 $19 {[%cal Re4f3]} ({Weaker is} 22... Qxf3 23. Nxf3 Rd3 24. Ng5 $11) 23. Qe2 h6 24. Nh3 Ne5 {[%cal Bg6e5,Be5f3,Bf3e1][%mdl 32] White must now prevent ...Rd2!} 25. Rad1 $2 (25. Rfd1) 25... Nf3+ 26. Kh1 {[#] and the idea Nf4 leaves White hopeful.} e3 $1 {[%mdl 512]} 27. Qxe3 (27. fxe3 $142 Ne1+ 28. Kg1 Rxd1 29. Rxe1 Rxe1+ 30. Qxe1) 27... Ne1+ 28. f3 Rxd1 29. Rxe1 Rxe1+ 30. Qxe1 Qxf3+ {KQR-KQN} 31. Kg1 Rd8 {...Rd1! is the strong threat.} 32. Qe6+ (32. Nf2 $142) 32... Kh7 {( -> ...Rd1+)} 33. Nf2 {[#]} Rd2 $1 {[%mdl 64] Double Attack} 34. Qb6 Rxb2 35. Qc7 {Accuracy: White = 24%, Black = 58%.} 0-1

[Event "World Senior chT-65 2019"]
[Site "Rhodes"]
[Date "2019.04.17"]
[Round "2.25"]
[White "Vaisser, Anatoli"]
[Black "Birnboim, Nathan"]
[Result "1-0"]
[WhiteElo "2482"]
[BlackElo "2365"]
[Annotator "TA"]
[PlyCount "86"]
[EventDate "2019.04.16"]
[EventType "team-tourn"]
[EventCountry "GRE"]
[SourceTitle "playchess.com"]
[Source "ChessBase"]
[SourceQuality "1"]
[WhiteTeam "France"]
[BlackTeam "Israel"]
[WhiteTeamCountry "FRA"]
[BlackTeamCountry "ISR"]

{[%evp 19,86,24,23,14,46,-7,47,27,46,39,37,41,85,79,87,74,87,92,97,86,115,111,92,92,125,139,136,131,127,132,151,138,188,188,188,188,188,188,188,200,209,201,210,219,186,149,143,149,274,270,376,370,377,374,377,371,348,348,336,337,488,451,494,479,1171,1134,1116,1100,936]} 1. d4 d5 2. c4 c6 3. cxd5 cxd5 4. Bf4 Nc6 5. e3 Nf6 6. Nc3 Bf5 7. Nf3 e6 8. Qb3 Qb6 9. Qxb6 axb6 10. Bb5 Bb4 11. Ne5 {D14: Slav Defence: Exchange variation with ...Bf5} Rc8 12. Ke2 (12. f3 $14) 12... Ke7 (12... Bxc3 $11 13. bxc3 Ne4 14. Bxc6+ bxc6) 13. Rhc1 {[#] Threatens to win with Bxc6.White is slightly better.} Nxe5 $146 ({Predecessor:} 13... Na7 14. Bd3 Bxc3 15. Rxc3 Bxd3+ 16. Kxd3 Ne4 17. Rxc8 Rxc8 18. f3 Nd6 {0-1 (48) Hartl,D (2261)-Mamedov,N (2590) Skopje 2015}) 14. Bxe5 Bxc3 15. Bxf6+ gxf6 16. bxc3 Rc7 17. a4 h6 18. Ra3 Ra8 19. Rb3 e5 20. Kd2 Be6 21. Rb4 Ra7 22. dxe5 fxe5 23. Rh4 Ra8 24. Rxh6 Rcc8 25. Rb1 Rh8 26. Rxh8 Rxh8 $18 {[%mdl 4096] Endgame KRB-KRB} 27. h3 Kd6 28. Rb4 Kc5 29. h4 f6 30. Be2 Bd7 31. h5 e4 32. Rd4 f5 33. c4 Be6 {[#]} (33... Bc6 $16 34. Kc3 dxc4 35. Rxc4+ Kd6 36. Rd4+ Kc5) 34. Kc3 $1 Bf7 35. cxd5 Bxd5 {[#]} 36. Bc4 $1 Bxc4 37. Rxc4+ {KR-KR} Kd6 38. Rb4 Rxh5 39. Rxb6+ Ke5 (39... Kc7 {was worth a try.} 40. Rf6 Rh2) 40. g4 {White is clearly winning.} Rh4 41. Rb5+ Ke6 (41... Kf6 $142 42. gxf5 Rh8) 42. gxf5+ Kf6 43. Kd4 Rh8 {Accuracy: White = 88%, Black = 23%.} 1-0

[Event "World Senior chT-65 2019"]
[Site "Rhodes"]
[Date "2019.04.17"]
[Round "2.26"]
[White "Berkovich, Mark A"]
[Black "Sharif, Mehrshad"]
[Result "1-0"]
[WhiteElo "2332"]
[BlackElo "2331"]
[Annotator "TA"]
[PlyCount "91"]
[EventDate "2019.04.16"]
[EventType "team-tourn"]
[EventCountry "GRE"]
[SourceTitle "playchess.com"]
[Source "ChessBase"]
[SourceQuality "1"]
[WhiteTeam "Israel"]
[BlackTeam "France"]
[WhiteTeamCountry "ISR"]
[BlackTeamCountry "FRA"]

{[%evp 15,91,2,4,2,22,22,23,23,21,25,18,20,28,-23,-19,-22,-28,-19,-21,-17,0,0,6,-17,0,0,0,0,0,2,2,0,24,23,25,22,43,43,35,38,49,55,60,58,61,38,38,35,35,36,43,43,64,63,62,64,101,95,233,198,216,230,223,223,189,189,264,282,277,228,662,647,1280,1129,1154,775,773,755]} 1. Nf3 d5 2. g3 Bg4 3. Bg2 c6 4. c4 e6 5. O-O Nd7 6. cxd5 exd5 7. d3 Ngf6 8. Nc3 Be7 9. e4 {A11: English Opening: 1...c6} dxe4 10. dxe4 Nc5 11. h3 {White has an edge.} Be6 12. e5 Qxd1 13. Rxd1 Nd5 14. Nd4 $146 ({White should play} 14. Nxd5 Bxd5 15. Nd4) ({Predecessor:} 14. Nxd5 Bxd5 15. Be3 O-O-O 16. Nd4 g6 {0-1 (40) Neef,M (2438)-Meier,G (2621) Dresden 2017}) 14... Nxc3 $11 15. bxc3 O-O-O 16. Ba3 Rhe8 17. Nxe6 Rxd1+ (17... Nxe6 {is interesting.} 18. Bxe7 Rxe7 19. Rxd8+ Kxd8 20. Rd1+ Kc7) 18. Rxd1 Nxe6 19. Bb2 (19. Bc1 {keeps more tension.} g6 20. h4 Rd8 21. Rxd8+ Bxd8 22. Be4) 19... Rd8 (19... Nc5 {with more complications.} 20. Bf3 Na4 21. Bg4+ Kc7 22. Ba1 g6) 20. Rxd8+ Kxd8 {[%mdl 4096] Endgame KBB-KBN} 21. Kf1 Nc5 22. Ke2 Na4 23. Ba1 Bc5 24. Be4 h6 25. f4 Bg1 26. Bc2 Nb6 27. Bb2 Nc4 28. Bc1 Ke8 29. Bd3 Nb6 30. Kf3 Na4 31. Bd2 Bb6 32. Bc2 Nc5 33. g4 Nd7 34. h4 Ba5 35. h5 Nb6 36. Bb3 Nd5 {[#]} (36... Nd7 $16 {was worth a try.}) 37. Bxd5 $1 $18 cxd5 {KB-KB} 38. Ke3 Bb6+ 39. Kd3 Bc5 40. f5 Kd7 (40... a6 {keeps fighting.} 41. Bc1 Kf8) 41. g5 hxg5 42. Bxg5 Bf8 $2 {[#]} (42... Ke8 43. c4 dxc4+ 44. Kxc4 b6) 43. Kd4 {White is clearly winning.} Kc6 {and the idea ...Bc5+ leaves Black hopeful.} 44. f6 Bc5+ 45. Kd3 Bf8 46. fxg7 {Accuracy: White = 81%, Black = 47%.} 1-0

[Event "World Senior chT-65 2019"]
[Site "Rhodes"]
[Date "2019.04.17"]
[Round "2.27"]
[White "Giffard, Nicolas"]
[Black "Maryasin, Boris"]
[Result "0-1"]
[WhiteElo "2252"]
[BlackElo "2297"]
[Annotator "TA"]
[PlyCount "97"]
[EventDate "2019.04.16"]
[EventType "team-tourn"]
[EventCountry "GRE"]
[SourceTitle "playchess.com"]
[Source "ChessBase"]
[SourceQuality "1"]
[WhiteTeam "France"]
[BlackTeam "Israel"]
[WhiteTeamCountry "FRA"]
[BlackTeamCountry "ISR"]

{[%evp 20,97,10,-8,32,0,0,-2,-8,-5,-12,-13,-7,-12,-11,-18,0,-2,-2,-75,-48,-74,-85,-57,-10,-66,-17,-49,-33,-126,-147,-130,-116,-108,-107,-112,-93,-358,-352,-293,-167,-823,-810,-29991,-29992,-29993,-29994,-29995,-545,-543,-543,-532,-527,-547,-547,-538,-542,-526,-508,-511,-504,-612,-595,-589,-588,-753,-771,-769,-769,-721,-769,-769,-769,-770,-755,-755,-747,-733,-725,-691]} 1. d4 Nf6 2. c4 e6 3. Nf3 d5 4. Nc3 dxc4 5. e3 a6 6. a4 c5 7. Bxc4 Nc6 8. O-O Qc7 9. Qe2 Be7 10. Rd1 O-O 11. Bd2 b6 {D27: Queen's Gambit Accepted: Classical main line: 7 e4!? and 7 a4} 12. Rac1 Bb7 13. h3 Rfd8 {[%cal Rc5d4] The position is equal.} 14. Be1 cxd4 15. exd4 Qf4 {[%cal Rc6d4]} 16. Bd2 Qf5 17. Be3 $146 ({Predecessor:} 17. Qe3 Rac8 18. Bd3 Qh5 19. Be2 {0-1 (46) Danailov,S (2385)-Georgiev,K (2590) Sofia 1989}) 17... Nb4 18. Ne5 {Hoping for g4.} h5 19. g4 (19. Na2 $11) 19... hxg4 $17 20. hxg4 Qh7 {[%csl Gb7][%cal Rh7h1]} 21. f3 Qh3 $40 {[%mdl 128] Black mounts an attack.} 22. Qf2 ({White should try} 22. Qg2 $11 Qxg2+ 23. Kxg2) 22... Nfd5 {And now ...Bh4 would win.} (22... Nxg4 $5 23. Nxg4 Bxf3 $15 {[%mdl 64] Double Attack}) 23. Bf1 Qh4 24. Ne4 (24. Nxd5 $15 Qxf2+ 25. Kxf2 Bxd5 26. Bc4) 24... Nxe3 25. Qxe3 Rac8 26. Qf4 Bf6 $1 27. Rxc8 Rxc8 28. Nd6 $2 {[%mdl 8192] [#]} (28. Nd7 $17 Bxe4 29. Nxf6+ gxf6 30. fxe4) 28... Rc2 $1 $19 29. Rd2 {[#]} Bxe5 (29... Nd3 $142 $1 {[%mdl 512]} 30. Qh2 (30. Rxd3 Qf2+) 30... Rxd2 {[%mdl 64] Overworked Piece} 31. Qxd2 Qg3+ {[%mdl 64] Double Attack} 32. Qg2 Qf4 33. Nxd3 Bxd4+ 34. Kh1 Qxd6) 30. Qxf7+ $2 {[#]} (30. dxe5 Rxd2 {[%mdl 64] Overworked Piece} 31. Qxd2 Bxf3 32. Qf4 Qxg4+ 33. Qxg4 Bxg4 34. Nc8) 30... Kh7 $1 {( -> ...Bxd4+!)} 31. Bd3+ Nxd3 32. Rxc2 Bxd4+ {[%mdl 64] Double Attack} 33. Kf1 Bd5 (33... Qh1+ $142 34. Ke2 Qe1+ 35. Kxd3 Qe3+ {[%mdl 64] Double Attack} 36. Kc4 Bd5+ 37. Kb4 Qb3#) 34. Qh5+ {Black is clearly winning.} Qxh5 35. gxh5 Nxb2 36. Rc8 Bxf3 37. Nf7 {[%csl Gf7][%cal Rc8h8]} Bxh5 38. Ng5+ Kg6 39. Nxe6 Be5 40. Rc6 {and the idea Nf4+ leaves White hopeful.} Kf5 41. Rxb6 Bf7 42. Nc5 Bc4+ 43. Kg2 Bd4 44. Rb8 Bxc5 45. Rxb2 a5 46. Rb8 Bb4 47. Kf3 Bd5+ 48. Ke3 Bc6 49. Kd4 {Accuracy: White = 25%, Black = 81%.} 0-1

[Event "World Senior chT-65 2019"]
[Site "Rhodes"]
[Date "2019.04.17"]
[Round "2.28"]
[White "Lederman, Leon"]
[Black "Boudre, Jean-Pierre"]
[Result "1/2-1/2"]
[WhiteElo "2281"]
[BlackElo "2246"]
[Annotator "TA"]
[PlyCount "97"]
[EventDate "2019.04.16"]
[EventType "team-tourn"]
[EventCountry "GRE"]
[SourceTitle "playchess.com"]
[Source "ChessBase"]
[SourceQuality "1"]
[WhiteTeam "Israel"]
[BlackTeam "France"]
[WhiteTeamCountry "ISR"]
[BlackTeamCountry "FRA"]

{[%evp 24,97,7,0,8,2,38,0,0,-14,-10,-76,-75,-50,-50,-78,-41,-42,-56,-160,-150,-156,-150,-137,-144,-252,-259,-244,-243,-238,-240,-322,-297,-295,-312,-276,-97,-97,-97,-118,-134,-116,-80,-82,-74,-79,-68,-79,-42,-91,-15,-24,-20,-46,-38,-33,-18,-25,-22,-18,-8,-14,-4,-4,0,0,0,-8,0,0,0,0,0,0,0,0]} 1. e4 e5 2. Nf3 Nc6 3. Bb5 a6 4. Ba4 Nf6 5. O-O Be7 6. Re1 b5 7. Bb3 d6 8. c3 O-O 9. d3 Na5 10. Bc2 c5 11. Nbd2 Nc6 12. Nf1 Re8 13. a4 {White wants to play axb5.} Bd7 {C90: Closed Ruy Lopez with 7...d6: Early deviations} 14. Ne3 (14. h3 h6 15. Ne3 Bf8 16. Nh2 Rb8 17. axb5 axb5 18. Nhg4 Be6 19. Bd2 Nxg4 20. hxg4 Qd7 21. Bb3 Ne7 22. Bxe6 Qxe6 {½-½ (74) Predke,A (2595)-Piorun,K (2653) Batumi 2018}) 14... Bf8 15. Bd2 h6 16. Qb1 $146 ({Predecessor:} 16. axb5 axb5 17. Rxa8 Qxa8 18. Nh4 Qd8 19. Qf3 Be6 {½-½ (72) Arakhamia Grant,K (2405)-Qin,K (2501) New Delhi 2000}) 16... Be6 17. b4 (17. h3 $11) 17... cxb4 $17 18. cxb4 d5 19. Qb2 dxe4 20. dxe4 Nd4 21. Nxe5 (21. Nxd4 $15 exd4 22. Nf1) 21... Nxc2 22. Qxc2 Rc8 $36 {[%mdl 2048] Keeping White busy.} 23. Qb2 Nxe4 24. Nf1 (24. Re2 $17) 24... Nxd2 $19 25. Nxd2 Qd6 26. axb5 axb5 27. Ne4 Qxb4 28. Qxb4 Bxb4 29. Reb1 {[#]} Ra8 $2 (29... Bf8 $1 $19 30. f3 b4) 30. Rxa8 $17 Rxa8 31. f3 Ra4 32. Nd3 Bf8 33. Ndc5 Ra5 {White must now prevent ...Ba2.} 34. Nb7 Ra2 {Hoping for ...b4.} 35. Rxb5 Bd7 36. Ra5 Rb2 (36... Rxa5 $17 37. Nxa5 f5) 37. Nbd6 $11 Bc6 38. Ra6 Rc2 39. Ra1 Bxe4 40. Nxe4 $15 {[%mdl 4096] Endgame KRB-KRN} f5 41. Ng3 $1 {The position is equal.} g6 42. Kf1 Kf7 43. Ne2 Rc6 44. f4 Bd6 45. Rd1 Kf6 46. h4 Rb6 47. g3 Bc5 48. Rc1 Rb5 49. Kg2 {Accuracy: White = 53%, Black = 46%.} 1/2-1/2

[Event "World Senior chT-65 2019"]
[Site "Rhodes"]
[Date "2019.04.17"]
[Round "2.29"]
[White "Carlsson, Ingvar"]
[Black "Vucenovic, Dragomir"]
[Result "1/2-1/2"]
[WhiteElo "2119"]
[BlackElo "2168"]
[Annotator "TA"]
[PlyCount "75"]
[EventDate "2019.04.16"]
[EventType "team-tourn"]
[EventCountry "GRE"]
[SourceTitle "playchess.com"]
[Source "ChessBase"]
[SourceQuality "1"]
[WhiteTeam "Sweden"]
[BlackTeam "Switzerland"]
[WhiteTeamCountry "SWE"]
[BlackTeamCountry "SUI"]

{[%evp 24,75,13,9,10,5,14,1,8,0,0,0,0,0,0,-11,0,0,-8,-5,-7,-6,0,0,0,-15,4,0,0,0,0,-13,0,0,0,-16,-7,-9,0,0,0,-8,0,0,0,0,0,0,0,0,0,0,0,0]} 1. e4 e5 2. Nf3 Nc6 3. Bc4 Bc5 4. c3 Nf6 5. d4 exd4 6. cxd4 Bb4+ 7. Bd2 Bxd2+ 8. Nbxd2 d5 9. exd5 Nxd5 10. Qb3 Nce7 11. O-O O-O 12. Rfe1 c6 13. Rac1 {The position is equal.} Qb6 {C54: Giuoco Piano: 4 c3 Nf6, main lines with 5 d4 and 5 d3} (13... a5 14. a4 Ra7 15. Ne4 Nb6 16. Nd6 Nxc4 17. Nxc8 Nxc8 18. Qxc4 Nb6 19. Qb3 Nd5 20. g3 Qb8 21. Ne5 {0-1 (49) Pirrot,D (2364)-Pap,M (2483) Bad Woerishofen 2018}) 14. Qa3 Ng6 15. Bxd5 cxd5 16. Nb3 $146 ({Predecessor:} 16. Rc5 Be6 17. Qc3 Qa6 18. Ng5 Nf4 19. Kh1 Nd3 20. Ra5 Qb6 21. Qxd3 {1-0 (23) Segura Santos,L (1923)-Navarrete Espi,S (2157) Padrun 2011}) 16... Bf5 17. Nc5 Rfe8 18. Qc3 h6 19. Qd2 Rac8 20. Rc3 Rxe1+ 21. Nxe1 Re8 {[#] White must now prevent ...Qxb2!} 22. h3 Qc6 23. Nf3 b6 24. Nd3 Qb5 25. Rb3 Qd7 26. Nde5 Qe6 27. Rc3 Rc8 28. Nxg6 Bxg6 29. Kf1 Rxc3 30. Qxc3 Qe4 31. a3 Qb1+ 32. Ke2 Bh5 33. g4 Bg6 34. Ne5 Bc2 35. Nd7 Qd1+ 36. Ke3 Qc1+ 37. Ke2 Qd1+ 38. Ke3 {Accuracy: White = 70%, Black = 43%.} 1/2-1/2

[Event "World Senior chT-65 2019"]
[Site "Rhodes"]
[Date "2019.04.17"]
[Round "2.30"]
[White "Bhend, Edwin"]
[Black "Nordstrom, Felix"]
[Result "1/2-1/2"]
[WhiteElo "2120"]
[BlackElo "2044"]
[Annotator "TA"]
[PlyCount "43"]
[EventDate "2019.04.16"]
[EventType "team-tourn"]
[EventCountry "GRE"]
[SourceTitle "playchess.com"]
[Source "ChessBase"]
[SourceQuality "1"]
[WhiteTeam "Switzerland"]
[BlackTeam "Sweden"]
[WhiteTeamCountry "SUI"]
[BlackTeamCountry "SWE"]

{[%evp 11,43,29,39,42,55,0,4,3,3,-5,0,0,0,0,0,-29,-14,-13,-5,-5,-6,-8,-7,-11,0,0,0,0,19,0,0,0,0,0]} 1. b3 e5 2. Bb2 d6 3. e3 g6 4. d4 Bg7 5. dxe5 Nd7 6. Nf3 Nxe5 7. Nxe5 {A01: Nimzowitsch-Larsen Opening} Bxe5 8. Bxe5 (8. Nc3 $1 $14) (8. Nc3 Be6 9. Qd2 Qd7 10. e4 Ne7 11. O-O-O O-O-O 12. f4 Bg7 13. g3 Kb8 14. Bg2 Bh3 {½-½ (33) Li,R (2568)-Chandra,A (2484) Saint Louis 2017}) 8... dxe5 $11 9. Qxd8+ Kxd8 10. Nd2 Ke7 11. Be2 Nf6 $146 ({Predecessor:} 11... Nh6 12. Nc4 f6 13. O-O-O Bg4 14. f3 Be6 {1-0 (87) Vokac,M (2450)-Hejl,V (2270) Ceske Budejovice 1994}) 12. Nc4 e4 13. Nd2 b6 14. O-O-O {The position is equal.} Bb7 15. Nb1 Rad8 16. Nc3 h5 17. h3 c5 18. Bc4 Bc6 19. a4 Rd7 20. Rxd7+ Bxd7 21. Rd1 h4 22. Bb5 {Accuracy: White = 58%, Black = 64%.} 1/2-1/2

[Event "World Senior chT-65 2019"]
[Site "Rhodes"]
[Date "2019.04.17"]
[Round "2.31"]
[White "Grahn, Lars"]
[Black "Staechelin, Ruedi"]
[Result "1/2-1/2"]
[WhiteElo "1985"]
[BlackElo "2053"]
[Annotator "NA RC"]
[PlyCount "116"]
[EventDate "2019.04.16"]
[EventType "team-tourn"]
[EventCountry "GRE"]
[SourceTitle "playchess.com"]
[Source "ChessBase"]
[SourceQuality "1"]
[WhiteTeam "Sweden"]
[BlackTeam "Switzerland"]
[WhiteTeamCountry "SWE"]
[BlackTeamCountry "SUI"]
[TimeControl "40/5400+30:1800+30"]

1. d4 {[%emt 0:00:00]} d5 {[%emt 0:00:00]} 2. Nf3 {[%emt 0:00:00]} Nf6 {[%emt 0:00:59]} 3. e3 {[%emt 0:00:00]} c6 {[%emt 0:00:56]} 4. c4 {[%emt 0:00:10]} Bf5 {[%emt 0:00:53]} 5. Nc3 {[%emt 0:00:18]} e6 {[%emt 0:00:13]} 6. Nh4 {[%emt 0:00:32]} Bg4 {[%emt 0:00:44]} 7. Qb3 {[%emt 0:05:16]} b6 {[%emt 0:02:32] D12: Slav Defence: 3 Nf3 Nf6 4 e3 Bf5} (7... Qc7 8. Bd2 Bh5 9. Rc1 dxc4 10. Bxc4 Be7 11. h3 Qb6 12. g3 Nbd7 13. O-O Nd5 14. Ng2 Bg6 15. f3 O-O {½-½ (48) Aronian,L (2781)-Vallejo Pons,F (2705) Linares 2010}) 8. Be2 $146 {[%emt 0:03:34]} ({You set blue moves yourself with the critical opening position annotation.:} 8. h3 Bh5 9. g4 Bg6 10. g5 Ng8 11. Nxg6 hxg6 12. cxd5 exd5 13. e4 Rh4 14. Be3 Bd6 15. exd5 {1-0 (41) Laznicka,V (2617)-Starostits,I (2482) Benasque 2009}) 8... Bxe2 {[%emt 0:00:53]} 9. Nxe2 {[%emt 0:00:25]} Nbd7 {[%emt 0:03:20]} 10. Nf3 {[%emt 0:02:25]} Bd6 {[%emt 0:04:02]} 11. Ng3 {[%emt 0:03:08]} O-O {[%emt 0:00:58]} 12. O-O {[%emt 0:00:26]} Rc8 {[%emt 0:03:28]} 13. cxd5 {[%emt 0:10:26]} cxd5 {[%emt 0:01:56]} 14. Bd2 {[%emt 0:02:47]} Rc4 {[%emt 0:06:49]} 15. Qd3 {[%emt 0:06:41]} Qc7 {[%emt 0:05:11]} 16. Rac1 {[%emt 0:04:55]} Rc8 {[%emt 0:00:54]} 17. b3 {[%emt 0:10:13]} Rxc1 {[%emt 0:12:15]} 18. Rxc1 {[%emt 0:00:09]} Qb7 {[%emt 0:00:22]} 19. Rxc8+ {[%emt 0:04:20]} Qxc8 {[%emt 0:00:04]} 20. Qc3 {[%emt 0:01:09]} Qxc3 {[%emt 0:01:43]} 21. Bxc3 {[%emt 0:00:03]} Ng4 {[%emt 0:02:51]} 22. Ne2 {[%emt 0:05:08]} h6 {[%emt 0:04:29]} 23. Nc1 {[%emt 0:03:27]} Nb8 {[%emt 0:01:16]} 24. Nd3 {[%emt 0:02:55]} Nc6 {[%emt 0:00:16]} 25. h3 {[%emt 0:02:25]} Nf6 {[%emt 0:00:11]} 26. Kf1 {[%emt 0:04:15]} Ne4 {[%emt 0:03:12]} 27. Be1 {[%emt 0:00:55]} f6 {[%emt 0:03:19]} 28. Ke2 {[%emt 0:04:18]} Kf7 {[%emt 0:00:34]} 29. Ng1 {[%emt 0:06:46]} f5 {[%emt 0:04:32]} 30. f4 {[%emt 0:04:49]} g5 {[%emt 0:11:01]} 31. Nf3 {[%emt 0:00:30]} Kg6 {[%emt 0:01:51]} 32. Nfe5+ {[%emt 0:03:54]} Bxe5 {[%emt 0:01:31]} 33. Nxe5+ {[%emt 0:01:39]} Nxe5 {[%emt 0:00:10]} 34. dxe5 {[%emt 0:01:46]} g4 {[%emt 0:06:35]} 35. Kf1 {[%emt 0:03:06]} h5 {[%emt 0:00:39]} 36. h4 {[%emt 0:00:55]} Nc5 {[%emt 0:05:22]} 37. Ke2 {[%emt 0:00:10]} Kf7 {[%emt 0:01:24]} 38. Kd2 {[%emt 0:01:56]} Ke8 {[%emt 0:01:09]} 39. Kc2 {[%emt 0:00:33]} Kd7 {[%emt 0:02:38]} 40. Bb4 {[%emt 0:00:00]} Nb7 {[%emt 0:00:00]} 41. Be1 {[%emt 0:04:44]} Kc6 {[%emt 0:03:59]} 42. Kd3 {[%emt 0:03:48]} a5 {[%emt 0:02:50]} 43. Bd2 {[%emt 0:06:01]} b5 {[%emt 0:00:23]} 44. Kd4 {[%emt 0:03:06]} b4 {[%emt 0:00:35]} 45. Kd3 {[%emt 0:03:58]} Kb5 {[%emt 0:00:13]} 46. Kc2 {[%emt 0:02:00]} a4 {[%emt 0:01:00]} 47. Be1 {[%emt 0:05:16]} Nc5 {[%emt 0:02:23]} 48. Bd2 {[%emt 0:00:41]} axb3+ {[%emt 0:01:46]} 49. axb3 {[%emt 0:00:02]} Na6 {[%emt 0:02:07]} 50. Kd3 {[%emt 0:00:47]} Nb8 {[%emt 0:00:13]} 51. Be1 {[%emt 0:01:10]} Nc6 {[%emt 0:00:12]} 52. Bf2 {[%emt 0:02:11]} Na5 {[%emt 0:04:05]} 53. Kc2 {[%emt 0:00:01]} Nc6 {[%emt 0:00:18]} 54. Kd3 {[%emt 0:00:10]} Nb8 {[%emt 0:07:49]} 55. Kc2 {[%emt 0:01:59]} Nd7 {[%emt 0:00:14]} 56. Kd3 {[%emt 0:00:34]} Nc5+ $11 {[%emt 0:00:12]} 57. Kc2 {[%emt 0:00:06]} Ne4 {[%emt 0:00:10]} 58. Be1 {[%emt 0:00:08]} Nc5 {[%emt 0:04:10]} 1/2-1/2

[Event "World Senior chT-65 2019"]
[Site "Rhodes"]
[Date "2019.04.17"]
[Round "2.32"]
[White "Illi, Hans-Joerg"]
[Black "Svensson, Soren"]
[Result "1-0"]
[WhiteElo "2002"]
[BlackElo "1964"]
[Annotator "NA RC"]
[PlyCount "61"]
[EventDate "2019.04.16"]
[EventType "team-tourn"]
[EventCountry "GRE"]
[SourceTitle "playchess.com"]
[Source "ChessBase"]
[SourceQuality "1"]
[WhiteTeam "Switzerland"]
[BlackTeam "Sweden"]
[WhiteTeamCountry "SUI"]
[BlackTeamCountry "SWE"]
[TimeControl "40/5400+30:1800+30"]

1. d4 {[%emt 0:00:00]} d5 {[%emt 0:00:00]} 2. Nf3 {[%emt 0:01:02]} e6 {[%emt 0:00:22]} 3. c3 {[%emt 0:00:33]} Nf6 {[%emt 0:00:51]} 4. Bg5 {[%emt 0:00:26]} Be7 {[%emt 0:02:14]} 5. Nbd2 {[%emt 0:00:15]} h6 {[%emt 0:01:00]} 6. Bh4 {[%emt 0:00:45]} O-O {[%emt 0:00:20]} 7. Ne5 {[%emt 0:03:46]} c5 {[%emt 0:06:02]} 8. e3 {[%emt 0:01:05]} Nbd7 {[%emt 0:03:53]} 9. f4 {[%emt 0:02:40]} Nxe5 {[%emt 0:04:59]} 10. fxe5 {[%emt 0:05:26]} Nd7 {[%emt 0:00:57]} 11. Bxe7 {[%emt 0:11:42]} Qxe7 {[%emt 0:00:11]} 12. Bd3 {[%emt 0:00:46]} b6 {[%emt 0:08:28]} 13. O-O {[%emt 0:01:02]} Bb7 {[%emt 0:05:35]} 14. Bb5 {[%emt 0:07:05]} a6 {[%emt 0:04:08]} 15. Bxd7 {[%emt 0:00:43]} Qxd7 {[%emt 0:00:09]} 16. Qg4 {[%emt 0:01:00]} Qe7 {[%emt 0:06:06]} 17. Rf4 {[%emt 0:14:03]} a5 {[%emt 0:06:24]} 18. Raf1 {[%emt 0:11:58]} Ba6 {[%emt 0:01:49]} 19. R1f2 {[%emt 0:00:21]} Bd3 {[%emt 0:01:46]} 20. h4 {[%emt 0:03:10]} b5 {[%emt 0:09:07]} 21. e4 {[%emt 0:05:47]} dxe4 {[%emt 0:06:37]} 22. Nxe4 {[%emt 0:00:18]} Bxe4 {[%emt 0:00:35]} 23. Rxe4 {[%emt 0:00:18]} Rad8 {[%emt 0:03:14]} 24. a3 {[%emt 0:04:40]} cxd4 {[%emt 0:06:43]} 25. cxd4 {[%emt 0:01:37]} Rc8 {[%emt 0:00:51]} 26. Ref4 {[%emt 0:03:09]} Rc1+ {[%emt 0:03:06]} 27. Kh2 {[%emt 0:00:32]} Qc7 {[%emt 0:01:19]} 28. Rf6 {[%emt 0:02:08]} Rc2 {[%emt 0:02:46]} 29. R2f3 {[%emt 0:04:39]} Kh8 {[%emt 0:06:13]} 30. Rg3 {[%emt 0:05:27]} Rg8 {[%emt 0:00:57]} 31. Rxh6+ {[%emt 0:00:31]} 1-0